000 00358nam a2200133Ia 4500
008 240624s9999 xx 000 0 und d
041 _aeng
082 _a658.4038 ALL
100 _aALLE VERNA
245 _aKNOWLEDGE EVOLUTION EXPANDING ORGANIZATI
260 _c1997
_aBoston
_bButterworth Heinemann
300 _axvii, : 274 : p. : cm. ; 23
365 _c
_b30
999 _c16476
_d16476